<?xml version="1.0" encoding="UTF-8"?>
<record
    xmlns:xsi="http://www.w3.org/2001/XMLSchema-instance"
    xsi:schemaLocation="http://www.loc.gov/MARC21/slim http://www.loc.gov/standards/marcxml/schema/MARC21slim.xsd"
    xmlns="http://www.loc.gov/MARC21/slim">

  <leader>00945nam a2200241 i 4500</leader>
  <datafield tag="999" ind1=" " ind2=" ">
    <subfield code="c">7735</subfield>
    <subfield code="d">7735</subfield>
  </datafield>
  <controlfield tag="001">991060788711606706</controlfield>
  <controlfield tag="003">OSt</controlfield>
  <controlfield tag="005">20230523104718.0</controlfield>
  <controlfield tag="008">221026s2022    spca|||  |||| 0|0 0 cat| </controlfield>
  <datafield tag="015" ind1=" " ind2=" ">
    <subfield code="a">LL2022</subfield>
    <subfield code="2">bnc</subfield>
  </datafield>
  <datafield tag="040" ind1=" " ind2=" ">
    <subfield code="c">CDMR</subfield>
  </datafield>
  <datafield tag="245" ind1="0" ind2="0">
    <subfield code="a">50 anys de fotoperiodisme de Kim Manresa</subfield>
    <subfield code="b">: [cat&#xE0;leg de l'exposici&#xF3;, del 23 de maig al 18 de setembre de 2023]</subfield>
    <subfield code="c">/ [textos: Joan Maria Morros... [et al.]; comiss&#xE0;ria: Esther Molas]</subfield>
  </datafield>
  <datafield tag="264" ind1=" " ind2="1">
    <subfield code="a">[Barcelona :</subfield>
    <subfield code="b">Col&#xB7;legi de Periodistes de Catalunya,</subfield>
    <subfield code="c">2023]</subfield>
  </datafield>
  <datafield tag="300" ind1=" " ind2=" ">
    <subfield code="a">40 p&#xE0;gines sense numerar :</subfield>
    <subfield code="b">principalment il&#xB7;lustracions en blanc i negre </subfield>
    <subfield code="e">+ un p&#xF2;ster desplegable</subfield>
  </datafield>
  <datafield tag="600" ind1="1" ind2="0">
    <subfield code="9">233</subfield>
    <subfield code="a">Manresa, Kim</subfield>
    <subfield code="x">Exposicions</subfield>
  </datafield>
  <datafield tag="650" ind1=" " ind2="7">
    <subfield code="a">Fotografia documental</subfield>
    <subfield code="z">Catalunya</subfield>
    <subfield code="x">Exposicions.</subfield>
    <subfield code="2">lemac</subfield>
  </datafield>
  <datafield tag="650" ind1=" " ind2="0">
    <subfield code="a">Fotoperiodisme</subfield>
    <subfield code="z">Catalunya</subfield>
    <subfield code="x">Exposicions</subfield>
    <subfield code="9">3679</subfield>
  </datafield>
  <datafield tag="700" ind1=" " ind2=" ">
    <subfield code="a">Molas, Esther</subfield>
    <subfield code="9">4768</subfield>
  </datafield>
  <datafield tag="700" ind1=" " ind2=" ">
    <subfield code="a">Joan Maria Morros</subfield>
    <subfield code="9">4846</subfield>
  </datafield>
  <datafield tag="908" ind1=" " ind2=" ">
    <subfield code="a">BC</subfield>
  </datafield>
  <datafield tag="940" ind1=" " ind2=" ">
    <subfield code="a">BC</subfield>
  </datafield>
  <datafield tag="942" ind1=" " ind2=" ">
    <subfield code="2">udc</subfield>
    <subfield code="c">FULLET</subfield>
  </datafield>
  <datafield tag="952" ind1=" " ind2=" ">
    <subfield code="0">0</subfield>
    <subfield code="1">0</subfield>
    <subfield code="4">0</subfield>
    <subfield code="7">0</subfield>
    <subfield code="a">CDMR</subfield>
    <subfield code="b">CDMR</subfield>
    <subfield code="d">2023-05-23</subfield>
    <subfield code="e">Donaci&#xF3;</subfield>
    <subfield code="l">0</subfield>
    <subfield code="o">Ar /54</subfield>
    <subfield code="p">CDMR23050010</subfield>
    <subfield code="r">2023-05-23</subfield>
    <subfield code="w">2023-05-23</subfield>
    <subfield code="y">FULLET</subfield>
  </datafield>
</record>
